|
|
|
|
| LEADER |
01198pam a2200313 a 4500 |
| 001 |
AALebookPearson002329 |
| 003 |
BD-DhAAL |
| 006 |
m||||||||d|||||||| |
| 007 |
cr|||||||||||| |
| 008 |
221123s9999 xxuabf fo j 001 0 eng d |
| 020 |
|
|
|a "9781447900733"
|
| 020 |
|
|
|a "9781447900740"
|
| 040 |
|
|
|a BD-DhAAL
|c BD-DhAAL
|
| 082 |
0 |
|
|a 346.4207
|
| 100 |
1 |
|
|a MacIntyre, Ewan
|
| 245 |
1 |
0 |
|h [electronic resource]
|a Law Express: Business Law (Revision Guide)
|
| 250 |
|
|
|a 3
|
| 260 |
|
|
|b Pearson Education UK,
|c 10/12/12
|
| 300 |
|
|
|a 1 online resource
|
| 490 |
1 |
|
|a Law Express
|
| 500 |
|
|
|a <strong>Off-Campus Access:</strong> Athens ID and Password Required
|
| 500 |
|
|
|a <strong>On-Campus Access:</strong> No User ID or Password Required
|
| 506 |
|
|
|a Electronic access restricted to authorized BRAC University faculty, staff and students
|
| 538 |
|
|
|a Mode of access: Internet
|
| 650 |
|
4 |
|a Law
|
| 655 |
|
7 |
|a Electronic books
|2 Library of Congress
|
| 830 |
|
0 |
|a Law Express
|
| 856 |
4 |
0 |
|z Full text available on Pearson
|u https://ebookcentral.proquest.com/lib/bracu/detail.action?docID=5136518
|
| 856 |
4 |
0 |
|z Off-campus access
|u https://ebookcentral.proquest.com/lib/bracu/detail.action?docID=5136518
|